| 000 | 00424pab a2200157 454500 | ||
|---|---|---|---|
| 008 | 180718b2005 xxu||||| |||| 00| 0 eng d | ||
| 100 | _aMorgenstern, Scott | ||
| 245 | _aAre politics local? an analysis of voting patterns in 23 democracies | ||
| 260 | _c2005 | ||
| 300 | _ap.143-70. | ||
| 362 | _aMar | ||
| 650 | _aElections | ||
| 700 | _aSwindle, Stephen M. | ||
| 773 | _aComparative Political Studies | ||
| 909 | _a65170 | ||
| 999 |
_c65170 _d65170 |
||